The C++ Workbook /

Salvato in:
Dettagli Bibliografici
Autori principali: Wiener, Richard S (Autore), Pinson, Lewis J (Autore)
Natura: Libro
Lingua:inglese
Pubblicazione: Reading : Addison-Wesley Publishing Company, 1990
Tags: Aggiungi Tag
Nessun Tag, puoi essere il primo ad aggiungerne!!

MARC

LEADER 00000nam a22000003a 4500
001 stu21839
005 20150617225749.9
008 931115s1990----xxu-----------------eng-d
020 |a 0-201-50930-X 
040 |a STU  |b slo 
041 0 |a eng 
044 |a xxu 
080 |a 681.3.06 
100 1 |a Wiener, Richard S  |4 aut 
245 1 |a The C++ Workbook /  |c [aut.]Wiener,Richard S., Pinson,Lewis J 
260 |a Reading :  |b Addison-Wesley Publishing Company,  |c 1990 
300 |a 349 s :  |b Index 
700 1 |a Pinson, Lewis J  |4 aut 
996 |b C92118  |c C*92118  |l CCXX  |s P  |a 0  |w stu21839_0001 
996 |c I*16PJ9918  |l II680  |s A  |a 24  |w stu21839_0002 
996 |b C92156  |c C*92156  |l CCXVIII  |s P  |a 0  |w stu21839_0003 
996 |b C92131  |c C*92131  |l CCV  |s P  |a 0  |w stu21839_0004